000 00740nam a22002417a 4500
003 UA-OsUOA
001 21035
007 ta
008 20031112b un ||||| |||| 00| 0 ukr d
100 _aТрубайчук А. Ф.
090 _a94(4)"1939/1945"
_bТ77
942 _cBK
040 _aUA-OsUOA
_bukr
_cUA-OsUOA
_dUA-OsUOA
245 _aДруга світова війна. Коротка історія
_bнавчальне видання
300 _a191 с.
_bІлюстрації
955 _a2
041 _aukr
080 _a94(4)"1939/1945"
260 _aК.
_bНаукова думка
_c1995
044 _aUA
650 7 _a9 Географія. Біографії. Історія
_2UDC
999 _c307227
_d307227